| 000 | 01103nam a22004450a 4500 | ||
|---|---|---|---|
| 001 | PT53427 | ||
| 003 | AR-LpoUNG | ||
| 005 | 20210131231555.0 | ||
| 008 | 191001s2001||||ag |||||||||||||||||spa d | ||
| 020 |
_a9500719576 _c$8,03 |
||
| 040 |
_aAR-LpoUNG _bspa _cAR-LpoUNG _eaacr |
||
| 041 | _aspa | ||
| 044 | _aag | ||
| 082 | 0 | _a982.065 285gol | |
| 100 | 1 | _aDearriba, Alberto | |
| 245 | 1 | 3 |
_aEl golpe : _b24 de Marzo de 1976 |
| 250 | _a1ra. ed. | ||
| 260 |
_aBuenos Aires : _bSudamericana, _c2001. |
||
| 300 |
_a312 p. : _bgráfs., tbls. |
||
| 650 | 4 | _aARGENTINA | |
| 650 | 4 | _aASPECTOS ECONOMICOS | |
| 650 | 4 | _aCENSURA | |
| 650 | 4 | _aDICTADURA | |
| 650 | 4 | _aDOCUMENTOS PRIMARIOS | |
| 650 | 4 | _aGOBIERNO MILITAR | |
| 650 | 4 | _aHISTORIA | |
| 650 | 4 | _aIGLESIA | |
| 650 | 4 | _aJUVENTUD | |
| 650 | 4 | _aMEDIOS DE COMUNICACION | |
| 650 | 4 | _aMOVIMIENTO DE TRABAJADORES | |
| 650 | 4 | _aREVOLUCION | |
| 650 | 4 | _aSOCIEDAD | |
| 650 | 4 | _aUNIVERSIDADES | |
| 650 | 4 | _aVIOLENCIA | |
| 651 | 4 | _aArgentina | |
| 653 | _aPERONISMO | ||
| 653 | _aTESTIMONIOS | ||
| 905 | _a53427 | ||
| 942 | _cLIB | ||
| 999 |
_c10825 _d10825 |
||